| 000 | 00616nam a22002417a 4500 | ||
|---|---|---|---|
| 003 | UA-OsUOA | ||
| 001 | 22833 | ||
| 007 | ta | ||
| 008 | 20031225b un ||||| |||| 00| 0 ukr d | ||
| 100 | _aОксиюк И. Ф. | ||
| 090 |
_a2 (091) _bО-52 |
||
| 942 | _cBK | ||
| 040 |
_aUA-OsUOA _brus _cUA-OsUOA _dUA-OsUOA |
||
| 245 |
_aУния _bИсторический очерк |
||
| 300 | _a38 с. | ||
| 955 | _a0 | ||
| 041 | _arus | ||
| 080 | _a2 (091) | ||
| 260 |
_aКиев _bИздание Украинской Православной Церкви _c1990 |
||
| 044 | _aUA | ||
| 650 | 7 | _2UDC | |
| 999 |
_c309062 _d309062 |
||